01366naa a2200217 i 4500001000400000003000400004005001700008008003900025040000800064041000800072044000800080100014100088245011600229260001000345500012400355520027200479655003000751700013800781711011500919773011401034BPPBPK20180427112012.0151123s2000 pl a f |100 0 eng cBPK aeng aPOL aDRABAREK, Józef.d1997 - .bPolitechnika Koszalińska - Wydział Elektroniki,cKatedra Systemów Cyfrowego Przetwarzania Sygnałów aA representation language for a neural expert system applied to diagnostics /cJózef Drabarek, Robert Wirski. c2000. asprawozdanie jednostki (Informator o publikowanych wynikach prac naukowo-badawczych w 2000 roku Wydziału Elektroniki). aA formal knowledge representation language for a neural expert system is given. A transmitter of a radar set is used as an example. A rule list for the transmitter is created and converted into a matrix form suitable for supervised artificial neural network learning. 0aMateriały konferencyjne. aWIRSKI, Robert.d1996 - .bPolitechnika Koszalińska - Wydział Elektroniki,cKatedra Systemów Cyfrowego Przetwarzania Sygnałów aInternational Conference on Signals and Electronic Systems ICSES 2000d(2000 ;cUstroń, Polska).pICSES'2000 iW :tInternational Conference on Signals and Electronic Systems. ICSES'2000. -dUstroń, 2000. -gs. 239-243